000 00651nam a2200169Ia 4500
008 090711s9999 xx 000 0 und d
082 _b1289
100 _aिSाात्लिया Sोतन
245 _aकुंडलिनी एक अलौकिक शक्ती
260 _bमनोरमा प्रकाशन
_c2000
300 _a47
600 _aिSाात्लिया Sोतन
630 _aकुंडलिनी एक अलौकिक शक्ती
700 _aिSाात्लिया Sोतन
730 _aकुंडलिनी एक अलौकिक शक्ती
942 _cBOOK
999 _c338292
_d338292